000 00409nam a22001697a 4500
005 20160525095111.0
008 160525b xxu||||| |||| 00| 0 eng d
020 _a0-07-044501-X
041 _aeng
082 _b4796
100 _aChandra, Prasanna
_91156
245 _aFinancial Management
260 _aNew Delhi
_bAcademic Faundation
_c2004
300 _a1079
650 _aManagement
_9241
942 _cBK
999 _c1631
_d1630